000 00944nam a2200253 i 4500
001 92650
003 ES-MaACL
005 20250909203459.0
007 t|
008 050412s2003 sp ||||1| spa d
020 _a84-338-2886-X
080 _a821.134.2 Gracián, Baltasar 1.07
245 0 3 _aEl mundo de Baltasar Gracián
_b: (filosofía y literatura en el barroco) /
_cGarcía Casanova, F.J. (ed.) ; Andreu, José María ... [et al.].
260 _aGranada :
_bUniversidad de Granada,
_c2003.
300 _a444 p. ;
_c19 cm.
490 1 _aBiblioteca de bolsillo. Collectanea
600 1 4 _aGracián, Baltasar,
_d1601-1658-
_xCrítica e interpretación
_959479
700 1 _aGarcía Casanova, Juan Francisco.
_954350
700 1 _aAndreu Celma, José María.
_921641
710 2 _aUniversidad de Granada.
_97176
830 1 _aBiblioteca de bolsillo. Collectanea
_9232051
852 4 _aES-MaACL
_jE-10945
999 _c92650
_d92650